|
|
|
|
| LEADER |
00000nam0a2200000 4500 |
| 001 |
108756 |
| 005 |
20231101214824.0 |
| 035 |
|
|
|a (RuTPU)RU\TPU\book\117406
|
| 090 |
|
|
|a 108756
|
| 100 |
|
|
|a 20070124d1969 m y0rusy50 ca
|
| 101 |
0 |
|
|a rus
|
| 102 |
|
|
|a RU
|
| 105 |
|
|
|a a z 001zy
|
| 200 |
1 |
|
|a Металлические соединения со структурами фаз Лавеса
|f М. Ю Теслюк
|g Академия наук СССР (АН СССР), Институт металлургии им. А. А. Байкова (ИМЕТ) ; Львовский государственный университет
|
| 210 |
|
|
|a Москва
|c Наука
|d 1969
|
| 215 |
|
|
|a 136 с.
|c ил.
|
| 320 |
|
|
|a Библиогр.: с. 130-135.
|
| 610 |
1 |
|
|a металлические соединения
|
| 610 |
1 |
|
|a кристаллическая структура
|
| 675 |
|
|
|a 621.7м01:54
|v 3
|
| 700 |
|
1 |
|a Теслюк
|b М. Ю
|g Михаил Юрьевич
|
| 712 |
0 |
2 |
|a Академия наук СССР (АН СССР)
|b Институт металлургии им. А. А. Байкова (ИМЕТ)
|c (Москва)
|2 stltpush
|3 (RuTPU)RU\TPU\col\312
|
| 712 |
0 |
2 |
|a Львовский государственный университет
|2 stltpush
|3 (RuTPU)RU\TPU\col\12540
|9 25444
|
| 801 |
|
1 |
|a RU
|b 63413507
|c 20070124
|g PSBO
|
| 801 |
|
2 |
|a RU
|b 63413507
|c 20080428
|g PSBO
|
| 942 |
|
|
|c BK
|